Tatarka dans la francophonie

Bibliographic Details
Main Author: Brabenec, Peter, 1951- (Author)
Other Authors: Vajdová, Libuša, 1947- (Translator)
Format: Article
Language:Slovak
French
ISSN:1335-0544
Subjects:

MARC

LEADER 00000nab a2200000 a 4500
001 vtls009168406
003 SK-MaSNL
005 20260304163558.0
008 250507c2007 xo |r|p|||||||000 b|slo
015 |a SNBRB2007/12  |2 snkbucl 
035 |a (uuid)c9fda7f1-3023-448f-8162-778cba89ae49 
035 |a urn:nbn:sk:snk-ab2rza 
035 |a (urnnbn)urn:nbn:sk:snk:ar-a02uvl 
038 |a SNKBUCL 
040 |a SNKBUCL  |b slo  |c SNKBUCL  |e AACR2 
041 0 |a fre  |b slo 
044 |a xo  |c SK 
080 |a 82.091:821.162.4:821.133.1  |2 2001 
080 |a 821.162.4.091:821.133.1  |2 2001 
080 |a 821.133.1.091:821.162.4  |2 2001 
080 |a 008(44):008(437.6)  |2 2001 
080 |a 008(437.6):008(44)  |2 2001 
100 1 |a Brabenec, Peter,  |d 1951-  |4 aut  |9 536456 
245 1 0 |a Tatarka dans la francophonie  |c Peter Brabenec ; resumé do slovenčiny preložila Libuša Vajdová 
504 |a Bibliogr. odkazy 
546 |a Res. slov. 
600 1 7 |a Tatarka, Dominik,  |d 1913-1989  |2 snkbucl  |9 100832 
600 1 7 |a Brabenec, Peter,  |d 1951-  |t Dominik Tatarka : un éecrivain en dissidence  |2 snkbucl  |9 1490939 
650 0 7 |a slovenská kultúra  |x francúzska kultúra  |x vzťahy  |2 snkbucl  |9 1490940 
650 0 7 |a francúzska kultúra  |x slovenská kultúra  |x vzťahy  |2 snkbucl  |9 1490941 
650 0 7 |a Slováci  |x Francúzi  |x vzťahy  |2 snkbucl  |9 1105707 
700 1 |a Vajdová, Libuša,  |d 1947-  |4 trl  |9 218531 
773 0 |t Slovak review  |g Vol. XVI, numéro spécial (2007), s. 39-43  |x 1335-0544 
850 |a Slovenská národná knižnica 
852 |a Slovenská národná knižnica 
958 |a article27 
958 |a LX 
958 |a FR 
958 |a SK 
958 |a NB 
958 |a OND 
958 |a EUIPO 
999 |c 2978021  |d 2979951